000 00753nam a2200253Ia 4500
003 OSt
005 20221006142249.0
006 a|||||r|||| 00| 0
007 ta
008 221006b |||||||| |||| 00| 0 eng d
020 _a9780824815561
024 _a5,840
037 _bGift, Japan Foundation
_cTextual
040 _aEASL
_cEASL
_beng
041 _2eng
_aeng
082 _aO42:g, 111N3
100 _aMARRA Michele Au.
_9647290
245 0 _aRepresentations of power
_b The literary politics of Medieval Japan
260 _aHonolulu
_bUniversity of Hawaii Press
_c1993
300 _a240p.
_ccm.
490 _v JEL
942 _hO42:g, 111N3
_cTEXL
_2CC
999 _c1073926
_d1073926